Name all MCC participants in Season 5 - Statistics

General Stats
  • This quiz has been taken 800 times
  • The average score is 201 of 280
Answer Stats
Event Team Player % Correct
The Copper Crown Pink Parrots Grian
96%
Mash Up Red Rabbits Grian
96%
Snow Down Pink Presents Grian
96%
Blank Canvas Green Geckos Smajor1995
96%
Colour the World Purple Pandas Smajor1995
96%
Pride 25 Pink Parrots Smajor1995
96%
Builders' Guild Pink Parrots Smajor1995
96%
The Copper Crown Blue Bats Smajor1995
96%
Mash Up Pink Parrots Smajor1995
96%
Snow Down Teal Turkeys Smajor1995
96%
Builders' Guild Yellow Yaks fruitberries
95%
The Copper Crown Pink Parrots fruitberries
95%
Blank Canvas Red Rabbits hannahxxrose
93%
Colour the World Orange Ocelots hannahxxrose
93%
The Copper Crown Aqua Axolotls hannahxxrose
93%
Mash Up Orange Ocelots hannahxxrose
93%
Snow Down Red Reindeer hannahxxrose
93%
Blank Canvas Cyan Coyotes GoodTimesWithScar
92%
Builders' Guild Lime Llamas GoodTimesWithScar
92%
The Copper Crown Pink Parrots GoodTimesWithScar
92%
Mash Up Blue Bats GoodTimesWithScar
92%
Snow Down Yellow Yetis GoodTimesWithScar
92%
Blank Canvas Red Rabbits Tubbo
92%
Colour the World Lime Llamas Tubbo
92%
Pride 25 Red Rabbits Tubbo
92%
Builders' Guild Green Geckos Tubbo
92%
The Copper Crown Green Geckos Tubbo
92%
Snow Down Emerald Elves Tubbo
92%
The Copper Crown Pink Parrots GeminiTay
91%
Blank Canvas Lime Llamas jojosolos
91%
Pride 25 Aqua Axolotls jojosolos
91%
Builders' Guild Pink Parrots jojosolos
91%
Mash Up Red Rabbits jojosolos
91%
Snow Down Mint Mistletoes jojosolos
91%
Blank Canvas Cyan Coyotes Antfrost
90%
Pride 25 Orange Ocelots Antfrost
90%
Builders' Guild Blue Bats Antfrost
90%
Mash Up Aqua Axolotls Antfrost
90%
Snow Down Sapphire Santas Antfrost
90%
Blank Canvas Orange Ocelots AntVenom
90%
Mash Up Purple Pandas AntVenom
90%
Blank Canvas Blue Bats Feinberg
90%
Builders' Guild Green Geckos Feinberg
90%
Mash Up Yellow Yaks Feinberg
90%
Blank Canvas Green Geckos Purpled
90%
Builders' Guild Cyan Coyotes Purpled
90%
The Copper Crown Orange Ocelots Purpled
90%
Snow Down Cerulean Candy Canes Purpled
90%
Colour the World Pink Parrots aimsey
89%
Pride 25 Aqua Axolotls aimsey
89%
Builders' Guild Yellow Yaks aimsey
89%
The Copper Crown Aqua Axolotls aimsey
89%
Mash Up Blue Bats aimsey
89%
Snow Down Pink Presents aimsey
89%
Blank Canvas Aqua Axolotls PeteZahHutt
89%
Builders' Guild Aqua Axolotls PeteZahHutt
89%
The Copper Crown Cyan Coyotes PeteZahHutt
89%
Mash Up Pink Parrots PeteZahHutt
89%
Snow Down Yellow Yetis PeteZahHutt
89%
Blank Canvas Cyan Coyotes Smallishbeans
89%
Colour the World Purple Pandas Smallishbeans
89%
Pride 25 Yellow Yaks Smallishbeans
89%
Mash Up Cyan Coyotes Smallishbeans
89%
Blank Canvas Purple Pandas FireBreathMan
86%
Builders' Guild Orange Ocelots FireBreathMan
86%
Mash Up Lime Llamas FireBreathMan
86%
Blank Canvas Green Geckos InTheLittleWood
86%
Colour the World Yellow Yaks InTheLittleWood
86%
Pride 25 Lime Llamas InTheLittleWood
86%
Builders' Guild Lime Llamas InTheLittleWood
86%
Mash Up Blue Bats InTheLittleWood
86%
Snow Down Ginger Breadmen InTheLittleWood
86%
Blank Canvas Red Rabbits Ph1LzA
84%
Colour the World Cyan Coyotes Ph1LzA
84%
Pride 25 Red Rabbits Ph1LzA
84%
Builders' Guild Yellow Yaks Ph1LzA
84%
Mash Up Green Geckos Ph1LzA
84%
Snow Down Yellow Yetis Ph1LzA
84%
Colour the World Lime Llamas 5up
83%
Pride 25 Cyan Coyotes 5up
83%
The Copper Crown Purple Pandas 5up
83%
Snow Down Sapphire Santas 5up
83%
Colour the World Pink Parrots Pangi
83%
Snow Down Red Reindeer Pangi
83%
Builders' Guild Purple Pandas Pyroscythe
83%
Mash Up Pink Parrots Pyroscythe
83%
Snow Down Pink Presents Pyroscythe
83%
Blank Canvas Lime Llamas SolidarityGaming
83%
Colour the World Yellow Yaks SolidarityGaming
83%
Builders' Guild Pink Parrots SolidarityGaming
83%
The Copper Crown Blue Bats SolidarityGaming
83%
Mash Up Cyan Coyotes SolidarityGaming
83%
Blank Canvas Lime Llamas TheOrionSound
83%
Colour the World Yellow Yaks TheOrionSound
83%
The Copper Crown Blue Bats TheOrionSound
83%
Mash Up Cyan Coyotes TheOrionSound
83%
Snow Down Ginger Breadmen TheOrionSound
83%
Builders' Guild Red Rabbits 4CVIT
82%
The Copper Crown Purple Pandas 4CVIT
82%
Mash Up Yellow Yaks 4CVIT
82%
Blank Canvas Orange Ocelots CaptainSparklez
82%
Builders' Guild Aqua Axolotls CaptainSparklez
82%
The Copper Crown Cyan Coyotes CaptainSparklez
82%
Snow Down Cerulean Candy Canes CaptainSparklez
82%
Blank Canvas Cyan Coyotes FalseSymmetry
82%
Pride 25 Aqua Axolotls FalseSymmetry
82%
Builders' Guild Aqua Axolotls FalseSymmetry
82%
The Copper Crown Lime Llamas FalseSymmetry
82%
Snow Down Mint Mistletoes FalseSymmetry
82%
Blank Canvas Orange Ocelots Shadoune666
82%
Colour the World Aqua Axolotls Shadoune666
82%
Builders' Guild Red Rabbits Shadoune666
82%
The Copper Crown Red Rabbits Shadoune666
82%
Snow Down Purple Penguins Shadoune666
82%
Colour the World Cyan Coyotes bekyamon
81%
Builders' Guild Red Rabbits bekyamon
81%
The Copper Crown Yellow Yaks bekyamon
81%
Mash Up Yellow Yaks bekyamon
81%
Snow Down Pink Presents bekyamon
81%
Colour the World Orange Ocelots Couriway
81%
Snow Down Emerald Elves Couriway
81%
Colour the World Purple Pandas Shubble
81%
Builders' Guild Cyan Coyotes Shubble
81%
The Copper Crown Aqua Axolotls Shubble
81%
Mash Up Orange Ocelots Shubble
81%
Snow Down Yellow Yetis Shubble
81%
Colour the World Yellow Yaks Cambam010
79%
Pride 25 Red Rabbits Cambam010
79%
The Copper Crown Yellow Yaks Cambam010
79%
Mash Up Red Rabbits Cambam010
79%
Snow Down Emerald Elves Cambam010
79%
Blank Canvas Blue Bats Xisumavoid
79%
Mash Up Lime Llamas Xisumavoid
79%
Builders' Guild Purple Pandas impulseSV
78%
The Copper Crown Lime Llamas impulseSV
78%
Blank Canvas Blue Bats Skizzleman
78%
Colour the World Pink Parrots guqqie
77%
Pride 25 Lime Llamas guqqie
77%
Blank Canvas Blue Bats cubfan135
76%
Pride 25 Blue Bats cubfan135
76%
Mash Up Green Geckos cubfan135
76%
Colour the World Lime Llamas DarkEyebrows
75%
Pride 25 Orange Ocelots DarkEyebrows
75%
Builders' Guild Red Rabbits DarkEyebrows
75%
Mash Up Red Rabbits DarkEyebrows
75%
Mash Up Pink Parrots ish13c
75%
Snow Down Ginger Breadmen ish13c
75%
Blank Canvas Aqua Axolotls Kara Corvus
75%
Pride 25 Yellow Yaks Kara Corvus
75%
Mash Up Purple Pandas Kara Corvus
75%
Snow Down Purple Penguins Kara Corvus
75%
Colour the World Aqua Axolotls OwengeJuice
75%
Pride 25 Pink Parrots OwengeJuice
75%
Builders' Guild Orange Ocelots OwengeJuice
75%
The Copper Crown Lime Llamas OwengeJuice
75%
Snow Down Teal Turkeys OwengeJuice
75%
The Copper Crown Blue Bats PearlescentMoon
75%
The Copper Crown Lime Llamas rendog
75%
Mash Up Lime Llamas rendog
75%
The Copper Crown Aqua Axolotls xChocoBars
75%
Snow Down Sapphire Santas xChocoBars
75%
Builders' Guild Pink Parrots EthosLab
74%
Blank Canvas Aqua Axolotls HBomb94
74%
Builders' Guild Purple Pandas HBomb94
74%
Mash Up Orange Ocelots HBomb94
74%
Colour the World Pink Parrots SandwichLord
74%
Colour the World Cyan Coyotes Seapeekay
73%
Builders' Guild Lime Llamas Seapeekay
73%
The Copper Crown Yellow Yaks Seapeekay
73%
Mash Up Green Geckos Seapeekay
73%
Builders' Guild Orange Ocelots Legundo
71%
Mash Up Green Geckos Legundo
71%
Snow Down Red Reindeer Legundo
71%
Colour the World Red Rabbits Sneegsnag
70%
The Copper Crown Orange Ocelots Sneegsnag
70%
Snow Down Mint Mistletoes Sneegsnag
70%
Blank Canvas Yellow Yaks vGumiho
70%
Pride 25 Yellow Yaks vGumiho
70%
Mash Up Aqua Axolotls vGumiho
70%
Snow Down Emerald Elves vGumiho
70%
Colour the World Purple Pandas AvidMc
68%
Pride 25 Lime Llamas AvidMc
68%
Snow Down Teal Turkeys AvidMc
68%
Pride 25 Lime Llamas ghostiefruit
68%
Builders' Guild Purple Pandas ghostiefruit
68%
Mash Up Blue Bats ghostiefruit
68%
Blank Canvas Yellow Yaks TapL
68%
Pride 25 Blue Bats TapL
68%
Builders' Guild Cyan Coyotes TapL
68%
Snow Down Purple Penguins TapL
68%
Builders' Guild Yellow Yaks InfiniteDrift
67%
Mash Up Orange Ocelots InfiniteDrift
67%
Snow Down Red Reindeer InfiniteDrift
67%
Blank Canvas Aqua Axolotls soupforeloise
67%
Pride 25 Pink Parrots soupforeloise
67%
The Copper Crown Yellow Yaks soupforeloise
67%
Snow Down Purple Penguins soupforeloise
67%
Pride 25 Purple Pandas apokuna
65%
Snow Down Teal Turkeys apokuna
65%
Mash Up Yellow Yaks DrGluon
65%
Pride 25 Cyan Coyotes Eskay
65%
The Copper Crown Purple Pandas Eskay
65%
Blank Canvas Red Rabbits Roscumber
65%
Pride 25 Aqua Axolotls Roscumber
65%
Builders' Guild Green Geckos Roscumber
65%
Snow Down Cerulean Candy Canes Roscumber
65%
Snow Down Sapphire Santas Steven Suptic
65%
Blank Canvas Yellow Yaks Kratzy
63%
Pride 25 Blue Bats Kratzy
63%
Builders' Guild Lime Llamas Kratzy
63%
Mash Up Purple Pandas Kratzy
63%
Blank Canvas Purple Pandas Krinios
61%
Pride 25 Yellow Yaks Krinios
61%
Mash Up Aqua Axolotls Krinios
61%
Blank Canvas Orange Ocelots Michaelmcchill
61%
Pride 25 Purple Pandas Michaelmcchill
61%
Builders' Guild Blue Bats Michaelmcchill
61%
Mash Up Aqua Axolotls Michaelmcchill
61%
Blank Canvas Purple Pandas Snifferish
59%
Pride 25 Blue Bats Snifferish
59%
Builders' Guild Orange Ocelots Snifferish
59%
Snow Down Ginger Breadmen Snifferish
59%
Blank Canvas Purple Pandas CaptainPuffy
58%
Pride 25 Orange Ocelots CaptainPuffy
58%
Pride 25 Red Rabbits ElainaExe
58%
Builders' Guild Green Geckos ElainaExe
58%
Snow Down Mint Mistletoes ElainaExe
58%
The Copper Crown Orange Ocelots ItzMasayoshi
58%
Builders' Guild Cyan Coyotes Katherine Elizabeth
58%
Mash Up Cyan Coyotes Katherine Elizabeth
58%
Blank Canvas Lime Llamas Mythical Sausage
57%
Mash Up Lime Llamas Mythical Sausage
57%
Pride 25 Pink Parrots ZombieCleo
57%
Pride 25 Cyan Coyotes sleepy
56%
The Copper Crown Green Geckos sleepy
56%
Colour the World Orange Ocelots TinaKitten
56%
The Copper Crown Cyan Coyotes TinaKitten
56%
The Copper Crown Purple Pandas fanfan
50%
The Copper Crown Green Geckos Foolish Gamers
50%
Builders' Guild Aqua Axolotls KryticZeuz
50%
The Copper Crown Cyan Coyotes Sykkuno
49%
The Copper Crown Orange Ocelots ConnorEatsPants
48%
Builders' Guild Blue Bats Graecie
48%
Mash Up Purple Pandas Graecie
48%
Snow Down Cerulean Candy Canes Graecie
48%
Pride 25 Purple Pandas Mysticat
48%
Builders' Guild Blue Bats SB737
48%
Blank Canvas Green Geckos SettingSunset
47%
Pride 25 Purple Pandas CherriFire
46%
Blank Canvas Yellow Yaks OllieGamerz
45%
The Copper Crown Red Rabbits OllieGamerz
45%
Pride 25 Cyan Coyotes Rainhoe
45%
The Copper Crown Green Geckos BaboAbe
43%
Pride 25 Orange Ocelots VelvetIsCake
43%
Colour the World Lime Llamas Fulham
42%
Blank Canvas Pink Parrots Etoiles
40%
Colour the World Blue Bats Etoiles
40%
Colour the World Orange Ocelots Saiiren
38%
Colour the World Red Rabbits Jeremy Frieser
37%
Colour the World Aqua Axolotls jvckk
36%
Colour the World Cyan Coyotes FitMC
35%
Colour the World Green Geckos LetsHugo
35%
Colour the World Red Rabbits millkberry
35%
Colour the World Aqua Axolotls LexieMariex
34%
Colour the World Green Geckos Wichtiger
34%
Colour the World Green Geckos nooreax
32%
Blank Canvas Pink Parrots MathoX
29%
Blank Canvas Pink Parrots aypierre
26%
Colour the World Green Geckos CastCrafter
26%
The Copper Crown Red Rabbits deusamir
26%
Colour the World Red Rabbits LinkTijger
26%
The Copper Crown Red Rabbits aldo_geo
25%
Blank Canvas Pink Parrots Pressea
23%
Colour the World Blue Bats TheGuill84
20%
Pride 25 Green Geckos Cojomax99
15%
Pride 25 Green Geckos Gegy
15%
Pride 25 Green Geckos Ulraf
15%
Colour the World Blue Bats JLTomy
12%
Colour the World Blue Bats Skyyart
11%
Pride 25 Green Geckos Xilefian
11%
No matching quizzes found
Score Distribution
Percent of People with Each Score
Percentile by Number Answered
Your Score History
You have not taken this quiz